000 00344nam a2200133Ia 4500
008 151001s9999||||xx |||||||||||||| ||und||
100 _aमधुसूदन घाणेकर
245 _aविवाहसौख्य
250 _a1
260 _bदिलीपराज
260 _c1996
300 _a94
365 _b21
999 _c975258
_d975255